000 00494nam a2200181Ia 4500
005 20260429112037.0
008 260429s9999||||xx |||||||||||||| ||und||
020 _a9781806960781
041 _aEnglish
082 _a515.35
_bOLV
100 _aOlver, Peter J.
245 0 _aNonlinear differential equations /
_cPeter J. Olver
260 _aLondon :
_bRadiant Pages,
_c2026.
300 _avi, 246 p.; hb
650 _a Nonlinear analysis
650 _aDifferential equations
942 _cTB
999 _c52057
_d52057